[Event "Sapporo Autumn Chess Tournament 2025"]
[Site "Sapporo Chess Club"]
[Date "2025.10.12"]
[Round "2.7"]
[White "Denta, Seiichi"]
[Black "Uematsu, Maya"]
[Result "0-1"]
[WhiteElo "1376"]
[BlackElo "1269"]
[Annotator "Fritz 11 SE (30s)"]
[PlyCount "76"]
[EventDate "2025.10.12"]

{[%mdl 8192] D02: 1 d4 d5 2 Nf3 sidelines, including 2...Nf6 3 g3 and 2...Nf6
3 Bf4} 1. d4 d5 2. Nf3 c6 3. Bf4 Bf5 4. e3 Nf6 5. Bd3 Bxd3 6. Qxd3 e6 7. Ne5 (
7. O-O Na6 8. c4 Nb4 9. Qe2 dxc4 10. Qxc4 Be7 11. Nc3 Nbd5 12. Bg3 O-O 13. Rfe1
Rc8 14. e4 Nxc3 15. bxc3 Qa5 16. a4 Rfd8 17. Qb3 b6 18. Bh4 Rc7 19. Ne5 Qa6 20.
f4 c5 21. f5 cxd4 {Lein,A (2465)-Stangl,M (2525) Berlin 1993 1/2-1/2 (33)})
7... Bd6 $146 (7... Nbd7 8. Nd2 Be7 9. O-O O-O 10. Bg3 Nh5 11. Qe2 g6 12. c3 f5
13. f4 Nxg3 14. hxg3 Bd6 15. Nxd7 Qxd7 16. Nf3 c5 17. Ng5 Be7 18. Nf3 Bd6 19.
Kf2 c4 20. Rh1 Rae8 21. Rh6 Rf7 22. Rah1 {Amaev,A (2329)-Abramov,A (2212)
Raduzhny 2009 1-0 (55)}) 8. Nc3 Nbd7 (8... O-O 9. O-O $11) 9. h3 {Loses
material} (9. Nxc6 Qb6 10. Bxd6 Qxc6 $16) 9... O-O (9... Qc7 10. Nxd7 Qxd7 11.
O-O $11) 10. O-O (10. Nxf7 Rxf7 11. Bxd6 Qb6 $16) 10... Re8 $2 (10... Qc7 11.
Nxd7 Qxd7 12. Bg5 $11) 11. Nxd7 (11. Nxf7 $142 Kxf7 12. Bxd6 $16) 11... Qxd7
$11 12. Bxd6 Qxd6 13. f4 Rac8 14. a3 h6 15. Rf3 Ne4 (15... c5 $142 $15 {
would allow Black to play on}) 16. Nxe4 $16 dxe4 17. Qxe4 Qd5 18. Qe5 (18. Qd3
c5 $16) 18... Qxe5 (18... c5 $5 19. c3 f6 20. Qxd5 exd5 21. dxc5 Rxc5 $16) 19.
fxe5 $16 ({Inferior is} 19. dxe5 Rcd8 $14) 19... c5 20. Rd1 (20. c3 $5 $16)
20... cxd4 $14 21. exd4 (21. Rxd4 $5 {looks like a viable alternative} Kf8 22.
c3 $14) 21... Rxc2 $11 22. Rf2 Rec8 23. d5 exd5 24. Rxc2 Rxc2 25. b4 Kf8 26.
Rxd5 Re2 (26... Ke7 27. Rb5 Rc7 28. a4 $15) 27. Rd7 {White threatens to win
material: Rd7xb7} Rxe5 28. Rxb7 a6 29. Ra7 f5 $4 (29... Re6 $142 $11 {this is
the best bet to save the position}) 30. Rxa6 $18 f4 (30... Re1+ 31. Kh2 Rb1 32.
Ra5 $18) 31. Ra5 (31. a4 $142 $5 {makes it even easier for White} Ke7 32. b5
Re1+ 33. Kf2 Rb1 $18) 31... Re4 32. b5 Re5 (32... Re1+ 33. Kf2 Rb1 $18) 33. a4
g5 (33... Re1+ {does not help much} 34. Kf2 Rb1 35. Ra7 $18) 34. Ra6 (34. b6
$142 {and the rest is a matter of technique} Rxa5 35. b7 $18) 34... h5 35. b6
Re1+ 36. Kh2 Rb1 37. a5 g4 (37... Kf7 {a last effort to resist the inevitable}
38. Ra8 g4 39. hxg4 hxg4 $18) 38. Ra7 (38. hxg4 $142 {and White has triumphed}
hxg4 39. Ra7 $18) 38... g3# 0-1

[Event "Sapporo Autumn Chess Tournament 2025"]
[Site "Sapporo Chess Club"]
[Date "2025.10.12"]
[Round "3.1"]
[White "Nishimori, Toshiyuki"]
[Black "kuramoto, koutarou"]
[Result "1-0"]
[WhiteElo "1699"]
[BlackElo "1775"]
[Annotator "Fritz 11 SE (30s)"]
[PlyCount "75"]
[EventDate "2025.10.12"]

{[%mdl 8256] B23: Closed Sicilian: Lines without g3} 1. e4 c5 2. Nc3 e6 3. g3
d5 4. exd5 exd5 5. Bg2 Nf6 6. d4 cxd4 7. Qxd4 {[%cal Rc3d5,Rd4d5,Rg2d5,Gd8d5,
Gf6d5] The pressure on the isolated pawn grows} (7. Nce2 Bb4+ (7... Qa5+ 8. Bd2
Qb6 9. Nf3 Nc6 10. Rb1 Bf5 11. O-O Bd6 12. Bf4 Bxf4 13. Nxf4 O-O 14. Nd3 Rac8
15. a3 Rc7 16. Re1 Rfc8 17. Nh4 Be4 18. f3 Bg6 19. Nxg6 hxg6 20. b4 Ne8 21. f4
Ne7 22. Bh3 {Vilar Lopez,M (2171)-Oliva Castaneda,K (2446) Figueres 2014 0-1 
(31)}) 8. Bd2 Bc5 9. b4 Bb6 10. Nf3 Bg4 11. O-O O-O 12. a4 a6 13. Bf4 Nc6 14.
b5 Nb4 15. bxa6 Rxa6 16. Qd2 Bc5 17. Ne5 Bf5 18. Nd3 Nxd3 19. cxd3 Qa5 20. Qc2
Rc6 21. Rfb1 Bb4 {Krutko,A (2440)-Temirbayev,S (2489) Nizhnij Tagil 2008 1-0 
(47)}) 7... Nc6 8. Qa4 Bb4 $146 (8... d4 9. Nce2 Bd7 10. Qb3 Bb4+ 11. c3 Ba5
12. Nf3 dxc3 13. Nxc3 Qe7+ 14. Be3 Be6 15. Qa4 Nd5 16. O-O Bxc3 17. bxc3 Nxc3
18. Qc2 Nd5 19. Bc5 Qc7 20. Rac1 a6 21. Qb2 Rg8 22. Nd4 Nxd4 23. Bxd4 {Bartsch,
B (2255)-Clemens,C (2380) Germany 1983 1-0}) (8... Bd7 9. Nf3 (9. Nxd5 $4 {
taking the pawn will cause White grave problems} Nxd5 10. Bxd5 Nb4 $19) (9.
Bxd5 $4 {would be a terrible mistake} Bb4 10. Qb5 Bxc3+ 11. bxc3 Ne7 12. Qxb7
Nfxd5 $19) 9... Bc5 10. Qh4 $15) 9. Bd2 (9. Nge2 $5 {must definitely be
considered} Bg4 10. O-O $14) 9... Bg4 $15 10. f3 {Covers e4} (10. Nge2 $5 $15)
10... Bd7 $17 11. a3 $4 {leads to further unpleasantness} (11. O-O-O O-O 12.
Qb5 a6 $17) 11... Bc5 (11... Nd4 12. Qxb4 Nxc2+ 13. Kf1 Nxb4 (13... Nxa1 $6 {
is clearly worse} 14. Nge2 $19) 14. Re1+ Be6 15. axb4 O-O $19) 12. Qf4 (12. Bh3
$5 $17) 12... O-O $19 13. O-O-O d4 14. Ne4 Be7 15. g4 Qb6 16. Nxf6+ (16. Ne2
$17) 16... Bxf6 $19 17. Ne2 $4 {shortens the misery for White} (17. g5 Be5 18.
Qe4 $19) 17... d3 $1 {Clearance: d4} 18. Nc3 (18. cxd3 Qxb2# {Mate attack
Clearance Pinning}) (18. Z0 $140 Qxb2# {Mate threat}) 18... dxc2 (18... Nd4 {
keeps an even firmer grip} 19. Rde1 dxc2 20. Be3 $19) 19. Rde1 $2 (19. Kxc2
Nd4+ 20. Kb1 $19) 19... Nd4 20. b4 (20. Re4 {is still a small chance} Rad8 21.
Rxd4 Bxd4 22. a4 Bxc3 23. Bxc3 $19) 20... Nb3+ (20... Qa6 21. Kb2 Qc4 22. Qxd4
Bxd4 23. Bf1 $19) 21. Kxc2 Nxd2 22. Qxd2 Bxc3 (22... Rac8 $142 {and Black wins}
23. Re3 Rfd8 24. Qe1 $19) 23. Kxc3 Rac8+ 24. Kb2 Ba4 25. Rc1 Qf6+ (25... Rcd8
$142 {and the result of the game is clear: Black will win} 26. Qc3 Qf2+ 27. Kb1
Qxg2 $19) 26. Kb1 Rfd8 (26... Rcd8 27. Qe3 Rfe8 28. Qc3 Qg6+ 29. Kb2 Re2+ 30.
Ka1 $19) 27. Qe2 $2 (27. Rxc8 $5 Rxc8 28. Rc1 $17) 27... Qg6+ (27... Rc3 28.
Rxc3 Qxc3 29. Rc1 Qxa3 30. Qd2 $19) 28. Qe4 Qd6 29. Qe2 Qd5 30. f4 Qb3+ 31. Qb2
Qd3+ 32. Ka1 Qe3 33. f5 $4 {an oversight. But White was lost anyway.} (33. Bxb7
Rxc1+ 34. Rxc1 h5 $19) 33... b6 (33... Rxc1+ 34. Rxc1 h5 35. Bf1 $19 (35. gxh5
$4 Rd2 36. Qc3 Rd3 37. Qxd3 Qxd3 $19) (35. Bxb7 $4 {That pawn is poisoned} Rd2
36. Rc8+ Kh7 $19)) 34. Rhe1 $2 (34. Rce1 $142 $5 Qf4 35. Re4 $19) 34... Rxc1+
$19 35. Qxc1 Qf2 (35... Qd4+ 36. Kb1 $19) 36. Bf1 $2 (36. Bb7 h6 37. Rf1 Qxh2
$19) 36... Qxh2 (36... h5 37. Re2 Qg1 38. Rg2 (38. gxh5 $4 {the pawn contains
a lethal dose of poison} Rd1 39. Re8+ Kh7 40. Qxd1 Bxd1 $19) 38... Qd4+ 39. Rb2
$19) 37. b5 Qf4 $4 {simply marches past the door to victory} (37... Qf2 $142 {
would have made live much easier for Black} 38. Re4 Bb3 $19) 38. Qxf4 $18 (38.
Qxf4 Bb3 39. Kb2 $18) 1-0

[Event "Sapporo Autumn Chess Tournament 2025"]
[Site "Sapporo Chess Club"]
[Date "2025.10.12"]
[Round "3.2"]
[White "Sugimoto, Koichi"]
[Black "Nakamura, Mitsuru"]
[Result "1-0"]
[WhiteElo "1866"]
[BlackElo "1579"]
[Annotator "Fritz 11 SE (30s)"]
[PlyCount "57"]
[EventDate "2025.10.12"]

{[%mdl 8192] D00: 1 d4 d5: Unusual lines} 1. d4 d5 2. Nc3 Nf6 3. Bf4 Bf5 4. f3
e6 5. g4 Bg6 6. h4 h5 7. g5 Nfd7 8. e3 a6 9. Bd3 Bxd3 10. Qxd3 c5 11. g6 f6 12.
Nge2 Nc6 13. a3 c4 $146 {Black threatens to win material: c4xd3} (13... Qb6 14.
Bh2 O-O-O 15. O-O-O Na5 16. Na4 Qc6 17. Nxc5 Bxc5 18. dxc5 Nxc5 19. Qc3 e5 20.
b3 d4 21. exd4 exd4 22. Nxd4 Ncxb3+ 23. Kb2 Nxd4 24. Rxd4 Rxd4 25. Qxd4 Nc4+
26. Ka1 Re8 27. Qa7 Re3 28. Qb8+ {Ipatov,A (2614)-Kantans,T (2496) Tromso 2014
0-1 (57)}) (13... Be7 14. Bg3 Nf8 15. Nf4 c4 16. Qd2 Bd6 17. Rg1 Rh6 18. e4
Bxf4 19. Bxf4 Rxg6 20. O-O-O Kf7 21. Bg3 b5 22. Qf4 Ne7 23. Rge1 Ra7 24. Re2
Rd7 25. Bh2 dxe4 26. Rxe4 Rg2 27. Re2 Rxe2 28. Nxe2 {Carlstedt,J (2460)
-Thogersen,R (2192) Helsingor 2015 0-1 (61)}) 14. Qd2 b5 (14... Qa5 15. O-O-O
$11) 15. e4 $14 b4 16. axb4 Bxb4 17. exd5 exd5 18. Qe3+ Qe7 19. Kf2 Qxe3+ 20.
Bxe3 Bxc3 (20... Nb6 21. Bf4 Ra7 22. Nd1 $14) 21. Nxc3 (21. bxc3 Ne7 22. Nf4
Nb8 $16) 21... Ne7 (21... Nb6 $5 $14) 22. Ra5 $16 Nb6 23. Rg1 (23. Bf4 Kd7 $16
(23... Nxg6 $2 {doesn't work} 24. Re1+ Kf7 25. Bc7 $18)) 23... O-O (23... Kd7
24. Bf4 $14) 24. Rc5 Rfc8 25. Bf4 Rc6 26. Ne2 (26. Re1 Rxc5 27. dxc5 Nxg6 28.
cxb6 Nxf4 $18) 26... Rac8 27. c3 (27. Ra5 Na8 $16) 27... Nf5 (27... Rxc5 $142 {
is a viable option} 28. dxc5 Na4 $11) 28. Ra5 $16 Nd7 $4 {causes further
problems for White} (28... Nxh4 $142 29. Rxa6 Ra8 30. Rxa8+ Nxa8 $16) 29. Rxd5
$18 1-0

[Event "Sapporo Autumn Chess Tournament 2025"]
[Site "Sapporo Chess Club"]
[Date "2025.10.12"]
[Round "3.3"]
[White "Yoshii, Yukihiko"]
[Black "Kaga, Kazuyuki"]
[Result "1-0"]
[WhiteElo "1753"]
[BlackElo "1481"]
[Annotator "Fritz 11 SE (30s)"]
[PlyCount "149"]
[EventDate "2025.10.12"]

{[%mdl 8256] E70: King's Indian: Miscellaneous lines with 4 e4, including 5
Nge2 and 5 Bd3 0-0 6 Nge2} 1. c4 g6 2. Nc3 Bg7 3. d4 d6 4. e4 Nf6 5. Bd3 O-O 6.
Nge2 e5 7. dxe5 (7. O-O exd4 8. Nxd4 Nc6 9. Nxc6 bxc6 10. Bg5 h6 11. Bd2 Ng4
12. h3 Ne5 13. Be2 c5 14. f4 Nc6 15. f5 Nd4 16. Bd3 c6 17. Qe1 g5 18. Qf2 Be5
19. Be2 Nc2 20. Kh1 Nxa1 21. Rxa1 Rb8 {Hansen,L (2569)-Fries Nielsen,J (2430)
Aalborg 2000 1/2-1/2}) 7... dxe5 8. O-O Nc6 $146 (8... c6 9. Bg5 h6 10. Bh4 Qe7
11. f3 Nbd7 12. Qc1 Nc5 13. Bc2 a5 14. Bf2 Be6 15. b3 Rfd8 16. Be3 Kh7 17. Rd1
Rxd1+ 18. Qxd1 Rd8 19. Qe1 Nd3 20. Bxd3 Rxd3 21. Qf2 Bf8 22. Rd1 Rxd1+ 23. Nxd1
{Scherbov,G (2322)-Golub,S (2156) Lubny 2011 0-1 (41)}) 9. h3 {Secures g4} Be6
10. a3 {Consolidates b4} (10. Nd5 Nd4 $11 (10... Nxd5 $143 11. cxd5 Nb4 12. Bc4
$16)) 10... Na5 11. b3 $2 (11. Nd5 c6 (11... Nxd5 $2 12. cxd5 (12. exd5 $6 Bd7
$14) 12... Bxd5 13. exd5 $18) 12. Ne3 b5 $11) 11... b6 (11... Nxb3 $142 $5 12.
Qxb3 Qxd3 13. Qxb7 Qxc4 $17 (13... Bxc4 $143 14. Rd1 Qc2 15. Rd2 $15)) 12. Rb1
c5 (12... c6 13. Qc2 $11) 13. Qc2 (13. Nd5 Nd7 $14) 13... Rc8 14. Rd1 Nc6 15.
Nd5 Ne7 (15... Nd4 $5 16. Qa2 Nxd5 17. cxd5 Bd7 $11) 16. Nec3 Bd7 (16... Nc6
17. Bg5 $14) 17. Bg5 (17. Nxe7+ Qxe7 18. Be2 $16) 17... Nfxd5 (17... Nc6 $142
$5 $14 {should not be overlooked}) 18. cxd5 $16 (18. Nxd5 $6 f6 19. Be3 Nc6 $14
) (18. exd5 $6 f6 19. Be3 Nf5 $11) 18... f6 19. Be3 g5 (19... f5 20. f3 Be8 $16
) 20. Bc4 Kh8 21. a4 Ng6 22. Kh2 (22. Ba6 $142 $5 $18) 22... f5 $16 23. exf5
Bxf5 24. Bd3 Bxd3 25. Qxd3 Rf6 $4 {another step towards the grave} (25... Nf4
$142 26. Qd2 g4 $14) 26. Bxg5 $18 Nf4 27. Qe4 (27. Bxf6 {seems even better}
Qxf6 28. Qf3 Ng6 29. Qxf6 Bxf6 $18) 27... Qf8 (27... Qd7 {is no salvation} 28.
Bxf6 Bxf6 29. Ne2 $18) 28. Bxf6 Bxf6 (28... Qxf6 {doesn't improve anything} 29.
g3 Nh5 30. Rb2 $18) 29. Rd2 (29. g3 $142 {keeps an even firmer grip} Ng6 $18)
29... Qh6 30. Rbd1 (30. Qf3 $142 {seems even better} Bg5 31. Rdd1 Rg8 $18)
30... Rg8 31. Qe1 $4 {overlooking an easy win} (31. g3 $142 {a shame that
White overlooked this excellent chance} Qxh3+ 32. Kg1 $18) 31... Nxg2 (31...
Rxg2+ 32. Kh1 Qxh3#) 32. Qe2 Qf4+ (32... Nf4 $5 {is an interesting alternative}
33. Qe3 Rg5 $11) 33. Kh1 $14 Nh4 $2 (33... Qh6 $142 34. Qf3 Nh4 $14) 34. Rg1 $4
{instead of simply winning the game} (34. Qe4 $142 $18) 34... Bg5 (34... Nf3
$142 {and Black wins} 35. Rxg8+ Kxg8 $19) 35. Ne4 $4 {stumbles just before the
finish line} (35. Rd3 {makes it even easier for White} Qf5 $18) 35... h6 $4 {
gives the opponent new chances} (35... Nf3 $142 {is just about the only chance}
36. Rg3 Nxd2 37. Nxd2 Qxd2 38. Qxe5+ Rg7 39. Qe8+ Rg8 40. Qe5+ Rg7 41. Qe8+ Rg8
42. Qe5+ $11) 36. Rd3 $18 Nf5 (36... Bd8 {doesn't get the cat off the tree} 37.
d6 Rxg1+ 38. Kxg1 Qc1+ 39. Kh2 Qf4+ 40. Kh1 $18) 37. d6 (37. Nxg5 $142 {
secures the win} Rxg5 38. Rxg5 Qxg5 39. Qxe5+ Ng7 40. Re3 $18) 37... Nd4 38.
Nxg5 (38. Qg4 $142 {might be the shorter path} Qxg4 39. Rxg4 $18 (39. hxg4 $6
Kg7 $18)) 38... hxg5 (38... Nxe2 $142 {finishes off the opponent} 39. d7 Nd4
$19 (39... Rxg5 {is refuted with a beautiful mate} 40. d8=Q+ Kg7 41. Rd7+ Kg6
42. Rd6+ Kf7 43. Qc7+ Kg8 44. Rg6+ Rxg6 45. Rxg6+ Kf8 46. Qd6+ Ke8 47. Re6+ Kf7
48. Qe7+ Kg8 49. Rg6+ Kh8 50. Qg7#)) 39. Qg4 (39. Qh5+ Kg7 40. Rxg5+ Kf8 41.
Rxg8+ Kxg8 42. d7 Qe4+ 43. Kh2 Kg7 44. Rg3+ Kf6 45. d8=Q+ Ke6 46. Qhe8+ Kf5 47.
Qf7#) 39... Qxg4 $18 40. Rxg4 (40. hxg4 $6 Kg7 $18) 40... Ne6 (40... Rg6 $18)
41. Rd5 Rd8 42. Kh2 (42. Re4 $142 {keeps an even firmer grip} Nf4 43. Rdxe5
Rxd6 44. Rxg5 Rf6 $18) 42... Kg7 43. Rg1 (43. Re4 {and White can already relax}
Nd4 44. d7 Kf6 $18) 43... Kh6 $2 (43... Kf6 $142 44. Re1 Nd4 $16) 44. Rgd1 (44.
Re1 $5 {seems even better} Nf4 45. Rd2 Ng6 $18) 44... Nd4 45. Rd3 Kg6 46. Re3 (
46. d7 {and White can already relax} Kf5 47. Re3 Nc6 $18) 46... Kf6 (46... Rd7
$142 $18) 47. Kg3 $4 {ruins a very nice position} (47. d7 $142 $18 {and White
takes home the point}) 47... Nf5+ $11 {Black forks: d6+e3} 48. Kf3 Nxe3 49.
Kxe3 {A rook endgame occured} Kf5 (49... Ke6 $142 {is the best option Black has
} 50. Ke4 Rxd6 51. Rxe5+ Kf6 52. Rf5+ Kg6 $11) 50. d7 $16 Ke6 51. Ke4 Rxd7 52.
Rxd7 (52. Rxe5+ $6 Kf6 53. Rf5+ Kg6 $11) 52... Kxd7 53. Kxe5 Kc6 54. Kf5 (54.
Ke4 $142 $16) 54... b5 $11 55. Kxg5 bxa4 56. bxa4 {White has new passed pawns:
f2+h3. Black has a new passed pawn: c5.} c4 $4 {an unfortunate move that
relinquishes the win} (56... Kd5 $142 {the rescuing straw} 57. Kf4 Kd4 $11) 57.
Kf4 $18 Kc5 58. Ke3 Kb4 59. Kd2 Kb3 60. Kc1 Kc3 61. h4 Kd4 62. h5 Ke5 63. h6
Kf6 64. h7 Kg7 65. h8=Q+ $1 {it's all over.} Kxh8 66. Kc2 Kg7 {[%cal Rc2c3] If
Black now would get Kc3 in, he might survive} 67. Kc3 Kf6 68. Kxc4 Ke5 69. Kc5
Kf4 (69... Ke6 {hardly improves anything} 70. Kc6 a5 71. Kb5 Kd6 72. Kxa5 Kc6
73. f3 Kd6 74. Kb6 Ke6 75. a5 Ke7 76. a6 Ke6 77. f4 Kd5 78. f5 Ke5 79. f6 Kd6
80. Kb7 Ke6 81. a7 Kxf6 82. a8=Q Kg7 83. Qc8 Kf7 84. Qf5+ Kg8 85. Qg4+ Kf8 86.
Kb6 Kf7 87. Kc7 Ke8 88. Kd6 Kf7 89. Qg5 Kf8 90. Ke6 Ke8 91. Qe7#) 70. a5 Kf3 (
70... Kf5 {is not the saving move} 71. Kb5 Kf6 72. Ka6 Ke7 73. Kxa7 Kd6 74. Kb6
Ke5 75. f4+ Kd4 76. a6 Ke4 77. f5 Kd3 78. f6 Kc3 79. f7 Kb2 80. f8=Q Kc3 81.
Qf3+ Kd2 82. Qf2+ Kd3 83. a7 Kc4 84. a8=Q Kc3 85. Qa4 Kd3 86. Qad4#) 71. a6
Kxf2 72. Kc6 Ke3 (72... Kf3 {doesn't do any good} 73. Kb7 Ke2 74. Kxa7 Kd3 75.
Kb6 Kd4 76. a7 Kd5 77. a8=Q+ Ke5 78. Kc5 Kf5 79. Qd5+ Kg6 80. Qe6+ Kg5 81. Qe3+
Kf5 82. Qf3+ Ke5 83. Qg4 Kf6 84. Kd6 Kf7 85. Qg5 Kf8 86. Ke6 Ke8 87. Qe7#) 73.
Kb7 Kd4 (73... Ke4 {a fruitless try to alter the course of the game} 74. Kxa7
Kf3 75. Kb6 Kf4 76. Kc5 Ke5 77. a7 Kf6 78. a8=Q Kf5 79. Qf3+ Ke5 80. Qg4 Kf6
81. Kd6 Kf7 82. Qg5 Kf8 83. Ke6 Ke8 84. Qe7#) 74. Kxa7 Kc5 (74... Kd3 {does
not save the day} 75. Kb6 Kd4 76. a7 Kd5 77. a8=Q+ Ke5 78. Kc5 Kf5 79. Qf3+ Ke6
80. Qg4+ Ke5 81. Kc6 Kf6 82. Kd6 Kf7 83. Qg5 Kf8 84. Ke6 Ke8 85. Qe7#) 75. Kb7
(75. Kb7 Kd5 76. Kb6 Kc4 77. a7 Kd4 78. Kc7 Kd5 79. a8=Q+ Ke6 80. Qe4+ Kf6 81.
Kd7 Kf7 82. Qh7+ Kf6 83. Qh5 Kg7 84. Ke6 Kg8 85. Kf6 Kf8 86. Qf7#) 1-0

[Event "Sapporo Autumn Chess Tournament 2025"]
[Site "Sapporo Chess Club"]
[Date "2025.10.12"]
[Round "3.5"]
[White "Shishido, Kenta"]
[Black "Uematsu, Maya"]
[Result "1-0"]
[WhiteElo "1483"]
[BlackElo "1269"]
[Annotator "Fritz 11 SE (30s)"]
[PlyCount "103"]
[EventDate "2025.10.12"]

{[%mdl 8192] B15: Caro-Kann: 3 Nc3: 3...g6 and 3...dxe4 4 Nxe4 Nf6 5 Nxf6+ exf6
} 1. e4 c6 2. d4 d5 3. Nc3 dxe4 4. Nxe4 Nf6 5. Nxf6+ exf6 6. Nf3 Bd6 7. Be2 O-O
8. O-O Re8 9. Re1 Be6 (9... Bf5 10. Be3 Nd7 11. h3 Be4 12. Nd2 f5 13. Nxe4 fxe4
14. c4 Qc7 15. Bf1 Bh2+ 16. Kh1 Bf4 17. Qd2 Bxe3 18. Qxe3 Nf6 19. Rad1 Rad8 20.
Rd2 h6 21. g3 Qa5 22. b3 Rd7 23. Bg2 Red8 24. Red1 {Karpov,A (2705)-Hort,V 
(2600) Tilburg 1979 1-0 (73)}) 10. b3 $146 {Prevents intrusion on c4} (10. Be3
Nd7 11. c4 (11. Qd2 Nf8 12. Bf4 Bxf4 13. Qxf4 Bd5 14. Qd2 Ne6 15. c3 Qd6 16. g3
c5 17. dxc5 Qxc5 18. Nd4 Rad8 19. Rad1 Qb6 20. b3 Ng5 21. h4 Ne4 22. Qb2 Nc5
23. Bf1 Rxe1 24. Rxe1 Ne6 25. Bg2 Bxg2 {Sbarra,M (2217)-Lanzani,M (2356) Milan
2003 1/2-1/2 (35)}) 11... Nf8 12. Qb3 (12. Qc2 Ng6 13. Bd3 Qd7 14. Nd2 f5 15.
f3 Bc7 16. Rad1 Qd6 17. g3 h5 18. Bxf5 Bxf5 19. Qxf5 Rxe3 20. Rxe3 Qxd4 21. Qe4
Bb6 22. Qxd4 Bxd4 23. Nf1 Bxe3+ 24. Nxe3 Re8 25. Kf2 Nf8 26. b4 g6 {Garcia
Cardenas,P (2324)-Alarcon Bahamondes,R (2154) Santiago de Chile 2010 1/2-1/2 
(33)}) 12... b5 13. Qc2 bxc4 14. Bxc4 Qd7 15. Bxe6 Nxe6 16. Rac1 Rec8 17. Qa4
Qb7 18. Rc2 Qb5 19. Qxb5 cxb5 20. Rec1 {1/2-1/2 (20) Beerdsen,T (2291)-Lai,H 
(2317) Rotterdam 2015}) 10... Nd7 11. Bb2 Rc8 12. Bf1 c5 (12... Qa5 13. c4 $11)
13. c4 (13. d5 Bg4 $14) 13... Bg4 (13... cxd4 14. Qxd4 Bc5 15. Qh4 $11) 14. Qd3
(14. Rxe8+ Qxe8 15. Qd3 Qd8 $14) 14... Qc7 $11 15. Rad1 (15. h3 $142 Bxf3 16.
Qxf3 (16. gxf3 $143 cxd4 17. Rxe8+ Rxe8 $17) 16... cxd4 17. Rxe8+ Rxe8 18. Bxd4
$11) 15... Bxh2+ $4 {a transit from better to worse} (15... Rxe1 $142 {would
keep Black in the game} 16. Rxe1 cxd4 17. Bxd4 Nc5 $15) 16. Nxh2 $16 Bxd1 17.
Qxd1 Qd6 (17... cxd4 18. Nf3 $16) 18. dxc5 (18. d5 $5 Rxe1 19. Qxe1 Ne5 $18)
18... Qxd1 $16 19. Rxd1 Nxc5 20. Nf3 Rcd8 21. Nd4 Ne6 22. g3 Ng5 23. Kg2 Ne6
24. f3 f5 25. Kf2 Rd7 (25... f4 26. g4 $16) 26. f4 h6 (26... Red8 27. Nxe6 $1 {
White takes the lead} Rxd1 28. Nxd8 Rxd8 29. Ke3 $16) 27. Bg2 $18 g5 (27... Nc5
28. Bd5 Ne4+ 29. Kf3 $18) 28. Bd5 gxf4 $2 (28... Nxd4 29. Rxd4 b5 30. Bc3 $18 (
30. cxb5 $143 Red8 $17)) 29. gxf4 (29. Nxf5 $142 {secures victory} fxg3+ 30.
Kxg3 $18) 29... Nxf4 30. Rg1+ $4 {White loses the upper hand} (30. Kf3 Nxd5 31.
Nxf5 $18 (31. cxd5 $143 Rxd5 32. Rc1 Red8 $15)) 30... Kh7 $11 31. Kf3 (31. Rg3
Nxd5 32. cxd5 Rxd5 $15) 31... Nxd5 $15 32. cxd5 Rxd5 33. Ne2 $4 (33. Rc1 $142
$15 {this is the best way to fight back}) 33... Rd3+ $19 34. Kf2 (34. Kf4 {
doesn't get the bull off the ice} Rxe2 35. Rg7+ Kh8 36. Rg2+ Rxb2 37. Rxb2 Rd5
$19) 34... Rd2 35. Rg7+ Kh8 36. Rxf7+ (36. Bf6 {doesn't change anything anymore
} Rexe2+ (36... Rdxe2+ $143 37. Kf3 R2e6 38. Rg6+ Rxf6 39. Rxf6 $19) 37. Kf1
Re6 (37... Rxa2 $6 {is easily refuted} 38. Rg4+ Kh7 39. Rg7+ Kh8 40. Rg4+ Kh7
41. Rg7+ Kh8 $11) 38. Rg2+ Rxf6 39. Rxd2 Kg7 $19) 36... Kg8 (36... Rxb2 $142 {
secures the point} 37. Kg3 Rexe2 38. Rxb7 Rxa2 39. Kf4 Rf2+ 40. Ke5 $19) 37.
Rg7+ Kh8 (37... Kf8 $142 {and Black has it in the bag} 38. Bf6 Rdxe2+ 39. Kf3
R8e3+ 40. Kf4 Re6 $19) 38. Re7+ $16 Rxb2 39. Rxe8+ Kg7 40. Re7+ Kf6 {Black
threatens to win material: Kf6xe7} 41. Rxb7 h5 $4 {another bit of territory
lost} (41... Rxa2 $142 42. Ke3 h5 $16) 42. Rxa7 $18 h4 43. Ra4 Kg5 44. Kf3 h3
45. Ng3 (45. Ra8 $142 $5 {keeps an even firmer grip} h2 46. Rg8+ Kf6 $18) 45...
h2 (45... Rd2 46. Ra8 $18) 46. Nh1 (46. Ra5 {and White can already relax} Kg6
$18) 46... Rb1 (46... Kf6 47. Ra5 $18) 47. Kg2 Rb2+ 48. Kg3 f4+ $2 (48... Kf6
49. Ra5 Kg6 $18) 49. Rxf4 Rxa2 50. Rh4 {White threatens to win material: Rh4xh2
} (50. Rf2 $142 {ends the debate} Ra1 51. Kxh2 $18) 50... Rb2 $11 {Black
threatens to win material: Rb2xb3} 51. Rb4 Rb1 $4 (51... Kf5 $142 $11 {was
possible}) 52. Kxh2 $18 1-0